00851cam a22002171 4500001001300000003000400013005001700017008004100034010001700075035001900092040003800111050001700149100004800166245007700214260005500291300001800346500014200364500009600506650001400602999001700616gs 12000050 DLC20260227111312.0800207s1911 tnu s000 0 eng c ags 12000050  a(OCoLC)5962489 aU.S. Geological SurveycMnNCdDLC00aSD397.C5bA61 aAshe, W. W.q(William Willard),d1872-1932.10aChestnut in Tennessee,cby W. W. Ashe, forest assistant, Forest service. aNashville, Tenn.,bBaird-Ward printing co.,c1911. a35 p.c23 cm. aAt head of title:...State of Tennessee. State geological survey...in cooperation with the Forest service, U.S. Department of agriculture. aExtract (B) from Bulletin no.10 [Tennessee. Geological survey] Forest studies in Tennessee. 0aChestnut. c25111d25111